| 000 | 00674nam a2200241Ia 4500 | ||
|---|---|---|---|
| 003 | OSt | ||
| 005 | 20221007071253.0 | ||
| 006 | a|||||r|||| 00| 0 | ||
| 007 | ta | ||
| 008 | 221006b |||||||| |||| 00| 0 eng d | ||
| 024 | _a27,291 | ||
| 037 | _cReports / Technical Reports | ||
| 040 |
_aFLL _cFLL _beng |
||
| 041 |
_2eng _aeng |
||
| 082 | _aZ52v1:D5, C6 | ||
| 100 |
_aPrichard Iltudus T. _9688427 |
||
| 245 | 0 | _aHistory of Roman law | |
| 250 | _a2nd | ||
| 260 |
_aLondon _bButterworth & Co. London _c1896 |
||
| 300 |
_axvii,1-570p _ccm. |
||
| 942 |
_hZ52v1:D5, C6 _cREP _2CC |
||
| 999 |
_c1142907 _d1142907 |
||